La revolución en los derechos: redefiniendo el estado regulador
Сохранить в:
| Главный автор: | |
|---|---|
| Формат: | Неизвестно |
| Язык: | английский испанский |
| Опубликовано: |
Madrid
Editorial Universitaria Ramón Areces S.A
2016
|
| Редактирование: | Primera edición |
| Предметы: | |
| Метки: |
Добавить метку
Нет меток, Требуется 1-ая метка записи!
|
MARC
| LEADER | 00000 a2200000 4500 | ||
|---|---|---|---|
| 003 | CL-VaPUC | ||
| 005 | 20210617001427.0 | ||
| 008 | 200106b ||||| |||| 00| 0 eng d | ||
| 999 | |c 375991 |d 375989 | ||
| 020 | |a 9788499612485 | ||
| 040 | |c Pontificia Universidad Católica de Valparaíso | ||
| 041 | 0 | |a spa | |
| 082 | |a 346.022 SUN 2016 | ||
| 100 | 1 | |a Sunstein, Cass R. |9 604930 | |
| 245 | 1 | 3 | |a La revolución en los derechos: |b redefiniendo el estado regulador |
| 250 | |a Primera edición | ||
| 260 | 3 | |b Editorial Universitaria Ramón Areces S.A |c 2016 |a Madrid | |
| 300 | |a 277 p | ||
| 505 | 0 | |a Capítulo 1. ¿Por qué regular? Capítulo 2. Las funciones de las leyes de regulación. Capítulo 3. En que falla la regulación. Capítulo 4. Los tribunales, la interpretación y las normas. Capítulo 5. Principios de interpretación para el Estado regulador. Capítulo 6. Las aplicaciones, el New Deal y la interpretqación de la ley. Anexo A. Principios de interpretación. Anexo B. Selección de regulaciones en términos de coste por vida salvada. Anexo C. El crecimiento del gobierno administrativo. | |
| 583 | |k Hugo Gaete |c 20200106 | ||
| 650 | 0 | 0 | |a REGULACION JURIDICA |9 577052 |
| 650 | 0 | 0 | |a Política y gobierno |9 255151 |
| 650 | 0 | 0 | |a ORGANIZACION POLITICA |9 257437 |
| 942 | |2 ddc |c BK | ||
| 952 | |0 0 |1 0 |2 ddc |4 0 |6 346_022000000000000_SUN_2016 |7 0 |9 495201 |a BIBDER |b BIBDER |d 2019-12-26 |e 36 |g 14586.00 |i 5570891 |l 1 |o 346.022 SUN 2016 |p 5570891 |r 2023-09-25 |s 2023-09-25 |t 1 |v 14586.00 |w 2019-12-26 |y BK |k DER | ||